Study of pragmatic aspects of language

Príspevok predstavuje úvod do štúdia pragmatických aspektov jazyka z hľadiska rozsahu a obsahu, ako aj z aspektu možnosti štúdia javov, ktoré patria do tejto oblasti v rámci štúdia lingvistických disciplín.

Gespeichert in:
Bibliographische Detailangaben
1. Verfasser: Breveníková, Daniela
Format: Buchkapitel
Sprache:Englisch
Schlagworte:
Tags: Tag hinzufügen
Keine Tags, Fügen Sie das erste Tag hinzu!

MARC

LEADER 00000nla a2200000 4500
001 0181760
005 20240502073122.8
041 0 |a eng 
044 |a SK 
245 1 0 |a Study of pragmatic aspects of language  |c Daniela Breveníková 
520 |a Príspevok predstavuje úvod do štúdia pragmatických aspektov jazyka z hľadiska rozsahu a obsahu, ako aj z aspektu možnosti štúdia javov, ktoré patria do tejto oblasti v rámci štúdia lingvistických disciplín. 
610 2 0 |a jazykoveda 
610 2 0 |a jazyky cudzie 
610 2 0 |a vzdelávanie 
100 1 |a Breveníková, Daniela